| 000 | 00521nam a22001811 4500 | ||
|---|---|---|---|
| 001 | 105246 | ||
| 003 | ES-MaACL | ||
| 005 | 20230906183824.0 | ||
| 007 | t| | ||
| 008 | 060620s1916 sp ||||0| spa d | ||
| 016 | 7 | _zIND9200524119 | |
| 040 |
_aM-BN _bspa _cA2 |
||
| 100 | 1 |
_aLópez Núñez, Juan. _973834 |
|
| 245 | 1 | 0 |
_aTriunfantes y olvidados _b: episodios de la historia desconocida / _cJuan López Núñez. |
| 260 |
_aMadrid : _bRenacimiento, _c1916. |
||
| 300 |
_a292 p ; _c20 cm. |
||
| 852 |
_aES-MaACL _jD-5098 |
||
| 999 |
_c105246 _d105246 |
||